000 00316nam a2200133Ia 4500
005 20260328104335.0
008 260328s9999||||xx |||||||||||||| ||und||
100 _aCameron, William
245 0 _aSwedish Architecture /
_cWilliam Cameron
260 _bAB
300 _a116 p.
650 _aARQUITECTURA
942 _cBK
999 _c11885
_d11885